• AIU
  • Tony Wilmot Memorial Library

Using microsoft word: (Record no. 64717)

MARC details
000 -LEADER
fixed length control field 00661nam a22002057a 4500
003 - CONTROL NUMBER IDENTIFIER
control field OSt
005 - DATE AND TIME OF LATEST TRANSACTION
control field 20170718163335.0
008 - FIXED-LENGTH DATA ELEMENTS--GENERAL INFORMATION
fixed length control field 170718b xxu||||| |||| 00| 0 eng d
040 ## - CATALOGING SOURCE
Original cataloging agency DLC
Language of cataloging DLC
Transcribing agency DLC
Modifying agency DLC
050 ## - LIBRARY OF CONGRESS CALL NUMBER
Classification number Z 52.5
Item number .M52U87 1989
110 ## - MAIN ENTRY--CORPORATE NAME
Corporate name or jurisdiction name as entry element Microsoft Corporation
9 (RLIN) 26023
245 ## - TITLE STATEMENT
Title Using microsoft word:
Remainder of title word processing program, version 5.0
Statement of responsibility, etc Microsoft Corporation
260 ## - PUBLICATION, DISTRIBUTION, ETC. (IMPRINT)
Place of publication, distribution, etc Redmond, Wash. USA
Name of publisher, distributor, etc Microsoft Corporation
Date of publication, distribution, etc c1989
300 ## - PHYSICAL DESCRIPTION
Extent xxxix, 635p.
Other physical details illustrations
Dimensions 23cm
504 ## - BIBLIOGRAPHY, ETC. NOTE
Bibliography, etc Includes index
650 ## - SUBJECT ADDED ENTRY--TOPICAL TERM
Topical term or geographic name as entry element Microsoft Word
9 (RLIN) 43593
650 ## - SUBJECT ADDED ENTRY--TOPICAL TERM
Topical term or geographic name as entry element Word Processing
9 (RLIN) 43594
650 ## - SUBJECT ADDED ENTRY--TOPICAL TERM
Topical term or geographic name as entry element IBM personal computer
9 (RLIN) 43595
942 ## - ADDED ENTRY ELEMENTS (KOHA)
Source of classification or shelving scheme Library of Congress Classification
Koha item type Books
Holdings
Withdrawn status Lost status Source of classification or shelving scheme Damaged status Not for loan Collection code Home library Current library Shelving location Date acquired Source of acquisition Cost, normal purchase price Total Checkouts Full call number Barcode Date last seen Copy number Price effective from Koha item type
    Library of Congress Classification     General Circulation AIU/NEGST - Tony Wilmot Memorial Library AIU/NEGST - Tony Wilmot Memorial Library General Stacks 04/12/2016 D - Theological Book Network 35.00   Z 52.5 .M52U87 1989 R39477X3232 09/26/2019 1 07/18/2017 Books